000 00794nam a2200217Ii 4500
003 JO-AjNU
008 230605s9999||||xx |||||||||||||| ||und||
017 _a2019/1/90
040 _aJO-AjNU
_bara
_erda
_cJO-AjNU
041 _aara
050 1 4 _aKMM404.5 2019
100 3 _aعنيزات، بكر أحمد,
_eauthor
_959533
245 0 0 _aأثر القرابة في الاعفاء من العقاب في جرائم الاعتداء على الأموال
250 _aالطبعة العربية الاولى
264 3 1 _aعمان: المؤلف، 2019
300 _a106ص
336 _atext
_btxt
_2rdacontent
337 _aunmediated
_bn
_2rdamedia
338 _avolume
_bnc
_2rdacarrier
650 4 _aالجريمة-قانون الاسرة-القانون المدني-الاردن
_959534
999 _aA26795
_c30363
_d30363